La noche abierta

Salvato in:
Dettagli Bibliografici
Autore principale: Butazzoni, Fernando
Natura: Libro
Lingua:Undetermined
Pubblicazione: San José, Costa Rica EDUCA 1982
Soggetti:
Tags: Aggiungi Tag
Nessun Tag, puoi essere il primo ad aggiungerne!!

MARC

LEADER 00000nam a2200000Ia 4500
008 170316s9999 xx 000 0 und d
040 |a cru BVZT 
090 |a 862 B-25n 
100 |a Butazzoni, Fernando 
245 |a La noche abierta 
260 |a San José, Costa Rica 
260 |b EDUCA 
260 |c 1982 
300 |a 244 páginas 
650 |a LITERATURA ESPAÑOLA 
650 |a NOVELA URUGUAYA 
999 |c 9545  |d 9545 
942 |c 15 D  |h 862 B-25n  |2 z